<?xml version="1.0" encoding="UTF-8"?><?xml-stylesheet type="text/xsl" href="static/style.xsl"?><OAI-PMH xmlns="http://www.openarchives.org/OAI/2.0/" xmlns:xsi="http://www.w3.org/2001/XMLSchema-instance" xsi:schemaLocation="http://www.openarchives.org/OAI/2.0/ http://www.openarchives.org/OAI/2.0/OAI-PMH.xsd"><responseDate>2026-06-07T07:49:39Z</responseDate><request verb="GetRecord" identifier="oai:riuma.uma.es:10630/20665" metadataPrefix="marc">https://riuma.uma.es/rest/oai/request</request><GetRecord><record><header><identifier>oai:riuma.uma.es:10630/20665</identifier><datestamp>2026-02-03T10:28:15Z</datestamp><setSpec>com_10630_1685</setSpec><setSpec>col_10630_38056</setSpec></header><metadata><record xmlns="http://www.loc.gov/MARC21/slim" xmlns:dcterms="http://purl.org/dc/terms/" xmlns:doc="http://www.lyncode.com/xoai" xmlns:xsi="http://www.w3.org/2001/XMLSchema-instance" xsi:schemaLocation="http://www.loc.gov/MARC21/slim http://www.loc.gov/standards/marcxml/schema/MARC21slim.xsd">
   <leader>00925njm 22002777a 4500</leader>
   <datafield ind2=" " ind1=" " tag="042">
      <subfield code="a">dc</subfield>
   </datafield>
   <datafield ind2=" " ind1=" " tag="720">
      <subfield code="a">Vega Escarpa, Paloma</subfield>
      <subfield code="e">author</subfield>
   </datafield>
   <datafield ind2=" " ind1=" " tag="260">
      <subfield code="c">2021-01-07</subfield>
   </datafield>
   <datafield ind2=" " ind1=" " tag="520">
      <subfield code="a">Mi investigación gira en torno a la imagen autorrepresentativa en la cultura web y las relaciones que establecemos con y mediante ésta. Cuestiono cómo la tecnología impacta en nuestra cotidianidad y espacios de intimidad, convirtiéndolos en mercancía del espectáculo, al tiempo que fomenta relaciones de control, vigilancia y alienación. En la esencia de todo mi trabajo está la desconfianza hacia las imágenes, la sospecha hacia nuestra cultura y la duda sobre en qué medida somos víctimas o responsables de todo esto. Para ello, hago uso de diversas disciplinas como la fotografía, el vídeo, la performance, el happening o la escultura, con las que  trato de utilizar elementos y materiales cotidianos, en una práctica fundamentada en el proceso plástico-conceptual, antes que en la consecución de resultados. Como consecuencia de este proceso experimental en el taller, las obras adquieren formatos y lenguajes diversos, aunque surgen de los mismos intereses y dinámicas, por lo que pueden mostrarse de forma independiente o en conjunto.</subfield>
   </datafield>
   <datafield ind1="8" ind2=" " tag="024">
      <subfield code="a">https://hdl.handle.net/10630/20665</subfield>
   </datafield>
   <datafield tag="653" ind2=" " ind1=" ">
      <subfield code="a">Bellas Artes - Trabajos Fin de Master</subfield>
   </datafield>
   <datafield ind2="0" ind1="0" tag="245">
      <subfield code="a">Poéticas de una intimidad hiperconectado. Simulacros para la desaparición</subfield>
   </datafield>
</record>
</metadata></record></GetRecord></OAI-PMH>